|
|
|
|
| LEADER |
00000naa2a2200000 4500 |
| 001 |
630400 |
| 005 |
20231101133617.0 |
| 035 |
|
|
|a (RuTPU)RU\TPU\conf\31395
|
| 035 |
|
|
|a RU\TPU\conf\31393
|
| 090 |
|
|
|a 630400
|
| 100 |
|
|
|a 20191030d2019 k y0rusy50 ca
|
| 101 |
0 |
|
|a rus
|
| 102 |
|
|
|a RU
|
| 105 |
|
|
|a y z 101zy
|
| 135 |
|
|
|a drgn ---uucaa
|
| 181 |
|
0 |
|a i
|
| 182 |
|
0 |
|a b
|
| 200 |
1 |
|
|a Оптимизация источника быстрых нейтронов для применения в лучевой терапии
|f А. М. Шихада, В. М. Головков
|
| 203 |
|
|
|a Текст
|c электронный
|
| 225 |
1 |
|
|a Радиационные и пучково-плазменные технологии в науке, технике и медицине
|
| 230 |
|
|
|a 1 компьютерный файл (pdf; 817 Kb)
|
| 300 |
|
|
|a Заглавие с экрана
|
| 463 |
|
0 |
|0 (RuTPU)RU\TPU\conf\30850
|t Физико-технические проблемы в науке, промышленности и медицине (ФТПНПМ-2019)
|o сборник научных трудов Международной научно-практической конференции студентов, аспирантов и молодых ученых, г. Томск, 30 сентября - 04 октября 2019 г.
|f Национальный исследовательский Томский политехнический университет (ТПУ) ; под ред. А. Г. Горюнова [и др.]
|v [С. 186]
|d 2019
|
| 610 |
1 |
|
|a труды учёных ТПУ
|
| 610 |
1 |
|
|a электронный ресурс
|
| 610 |
1 |
|
|a оптимизация
|
| 610 |
1 |
|
|a источники
|
| 610 |
1 |
|
|a быстрые нейтроны
|
| 610 |
1 |
|
|a лучевая терапия
|
| 610 |
1 |
|
|a циклотроны
|
| 610 |
1 |
|
|a дозы
|
| 610 |
1 |
|
|a мощность
|
| 700 |
|
1 |
|a Шихада
|b А. М.
|
| 701 |
|
1 |
|a Головков
|b В. М.
|c физик
|c заведующий лабораторией Томского политехнического университета, кандидат физико-математических наук
|f 1950-
|g Владимир Михайлович
|2 stltpush
|3 (RuTPU)RU\TPU\pers\28136
|
| 712 |
0 |
2 |
|a Национальный исследовательский Томский политехнический университет
|b Инженерная школа ядерных технологий
|b Научная лаборатория радиоактивных веществ и технологий
|h 7884
|2 stltpush
|3 (RuTPU)RU\TPU\col\25818
|
| 801 |
|
2 |
|a RU
|b 63413507
|c 20191112
|g RCR
|
| 856 |
4 |
|
|u http://earchive.tpu.ru/handle/11683/56690
|
| 942 |
|
|
|c BK
|